[Event "Social CCA Championship 2024"]
[Site "SchemingMind.com"]
[Date "2023.12.15"]
[Round "-"]
[White "Geoffrey Rosser"]
[Black "P Pickering"]
[Result "1-0"]
[WhiteCountry "ENG"]
[BlackCountry "ENG"]
[WhiteElo "1896"]
[WhiteRD "64"]
[BlackElo "1870"]
[BlackRD "106"]
[GameID "740230"]

1. e4 e5 2. Nf3 Nc6 3. d4 exd4 4. Nxd4 Bc5 5. Nf5 d5 6. Nc3 Bxf5 7. exf5 Nge7 8. Qg4 Bd4 9. Nb5 Bf6 10. Bf4 Rc8
11. O-O-O Ne5 12. Qe2 N5c6 13. g4 h6 14. Bg2 O-O 15. Rd3 a6 16. Nc3 Re8 17. Ne4 Bd4 18. Ng3 Nxf5 19. Qd2 Nxg3 20. Bxg3 Qg5
21. Bf4 Qxg4 22. Bh3 Qh5 23. Bxc8 Rxc8 24. Rxd4 Nxd4 25. Qxd4 c5 26. Qe5 Qxe5 27. Bxe5 f6 28. Bf4 b5 29. Rd1 Rd8 30. Be3 c4
31. Rd4 Kf7 32. Kd2 Ke6 33. Kc3 a5 34. a3 Rb8 35. Rg4 Rb7 36. Kd4 Kd6 37. Rf4 Kc6 38. Rf5 Rd7 39. Bd2 a4 40. Bb4 Rd8
41. Rf3 Re8 42. Re3 Rxe3 43. fxe3 g6 44. Be7 f5 45. Ke5
1-0

[Event "Social CCA Championship 2024"]
[Site "SchemingMind.com"]
[Date "2023.12.15"]
[Round "-"]
[White "Russell Sherwood"]
[Black "Geoffrey Rosser"]
[Result "1-0"]
[WhiteCountry "WLS"]
[BlackCountry "ENG"]
[WhiteElo "2428"]
[WhiteRD "85"]
[BlackElo "1894"]
[BlackRD "63"]
[GameID "740231"]

1. e4 e5 2. Nf3 Nc6 3. Bc4 Nf6 4. d3 Be7 5. O-O O-O 6. Re1 d6 7. a4 h6 8. c3 Nh7 9. a5 Rb8 10. d4 exd4
11. cxd4 Ng5 12. Nxg5 Bxg5 13. f4 Bf6 14. Be3 b5 15. Be2 a6 16. Nc3 Bh4 17. g3 Bf6 18. Nd5 Re8 19. Bf3 Be7 20. b4 Bf8
21. Rc1 Bb7 22. Qc2 Rc8 23. Bg4 Rb8 24. Qd3 Na7 25. Nxc7 Bxe4 26. Qc3 Re7 27. d5 Rb7 28. Bb6 f5 29. Ne6 Qa8 30. Rxe4 fxe4
31. Bf5 Rb8 32. Nc7 Qb7 33. Kf2 Nc8 34. Be3 Na7 35. g4 Kf7 36. Be6+ Kg6 37. Qd4 Rxc7 38. Qxe4+
1-0

[Event "Social CCA Championship 2024"]
[Site "SchemingMind.com"]
[Date "2023.12.17"]
[Round "-"]
[White "McCormickR"]
[Black "Geoffrey Rosser"]
[Result "0-1"]
[WhiteCountry "ENG"]
[BlackCountry "ENG"]
[WhiteElo "1701"]
[WhiteRD "94"]
[BlackElo "1896"]
[BlackRD "64"]
[GameID "740232"]

1. e4 e5 2. Nf3 Nc6 3. Bc4 Nf6 4. d3 Be7 5. O-O O-O 6. a3 d5 7. exd5 Nxd5 8. h3 Bf6 9. Be3 Nxe3 10. fxe3 e4
11. dxe4 Bxb2 12. Ra2 Bf6 13. Nbd2 Ne5 14. Bb3 b6 15. Bd5 Rb8 16. Nxe5 Bxe5 17. Nf3 Bd6 18. Nd4 Bb7 19. Nc6 Bxc6 20. Bxc6 Bc5
21. Qf3 Qd2 22. Kh1 Qxe3 23. Qxe3 Bxe3 24. Raa1 Rbd8 25. Rad1 Rd2 26. Rxd2 Bxd2 27. Rf2 Bc1 28. a4 g5 29. g4 Kg7 30. Kg2 Rd8
31. Bd5 f6 32. c4 Bf4 33. Kf3 Rd6 34. Rc2 c6 35. c5 bxc5 36. Ba2 Rd3+ 37. Kg2 Rg3+ 38. Kf1 Rxh3 39. Rxc5 Rh1+
0-1

[Event "Social CCA Championship 2024"]
[Site "SchemingMind.com"]
[Date "2023.12.15"]
[Round "-"]
[White "Geoffrey Rosser"]
[Black "Allan Sedstrem"]
[Result "1-0"]
[WhiteCountry "ENG"]
[BlackCountry "SCO"]
[WhiteElo "1894"]
[WhiteRD "63"]
[BlackElo "1545"]
[BlackRD "65"]
[GameID "740233"]

1. e4 e5 2. Nf3 Nc6 3. d4 exd4 4. Nxd4 Qf6 5. Nxc6 Qxc6 6. Nc3 a6 7. Bd3 Bb4 8. Bd2 d6 9. O-O Nf6 10. Nd5 Bxd2
11. Nxf6+ gxf6 12. Qxd2 Be6 13. a4 O-O-O 14. b4 Rhg8 15. b5 Qd7 16. f4 d5 17. f5 dxe4 18. Qf2 b6 19. Bxe4 Bc4 20. Rfe1 a5
21. g3 Rde8 22. Rad1 Qxd1 23. Rxd1 Rxe4 24. Rd4 Rxd4 25. Qxd4 Be2 26. Qe4 Bd1 27. Qa8+ Kd7 28. Qxg8 Ke7 29. Qxh7 Bxc2 30. Qh4 Bxf5
31. Qf4 Be6 32. Qxc7+
1-0

[Event "Social CCA Championship 2024"]
[Site "SchemingMind.com"]
[Date "2023.12.17"]
[Round "-"]
[White "Geoffrey Rosser"]
[Black "mattkirk78"]
[Result "0-1"]
[WhiteCountry "ENG"]
[BlackCountry "ENG"]
[WhiteElo "1894"]
[WhiteRD "63"]
[BlackElo "2234"]
[BlackRD "89"]
[GameID "740234"]

1. e4 g6 2. d4 d6 3. Nf3 Bg7 4. c3 Nd7 5. Bc4 c5 6. O-O Ndf6 7. e5 dxe5 8. Nxe5 e6 9. Qa4+ Bd7 10. Bb5 a6
11. Bxd7+ Nxd7 12. Nxd7 Qxd7 13. Qxd7+ Kxd7 14. dxc5 Kc6 15. Be3 Ne7 16. b4 Nd5 17. a3 a5 18. b5+ Kxb5 19. a4+ Ka6 20. Ra3 Nxe3
21. fxe3 Bf8 22. Rb3 Bxc5 23. Kf2 Rab8 24. Nd2 b5 25. Ne4 Be7 26. Rfb1 b4 27. cxb4 axb4 28. Ke2 Rhc8 29. Kd2 Ka5 30. Ra1 f5
31. Nf2 Rc3 32. Rxc3 bxc3+ 33. Ke2 Rb2+ 34. Ke1 Bb4 35. Rc1 Rd2 36. Kf1 c2 37. h3 Bc5
0-1

[Event "Social CCA Championship 2024"]
[Site "SchemingMind.com"]
[Date "2023.12.15"]
[Round "-"]
[White "TigerFeet"]
[Black "Geoffrey Rosser"]
[Result "1-0"]
[WhiteCountry "ENG"]
[BlackCountry "ENG"]
[WhiteElo "2103"]
[WhiteRD "77"]
[BlackElo "1894"]
[BlackRD "63"]
[GameID "740235"]

1. e4 e5 2. Bc4 Nf6 3. d3 Nc6 4. Nf3 Be7 5. O-O O-O 6. Re1 d6 7. a4 Kh8 8. a5 a6 9. h3 Ng8 10. Nc3 f5
11. Nd5 fxe4 12. dxe4 Nf6 13. Ra3 Nxd5 14. exd5 Na7 15. Bd3 Bf5 16. Bxf5 Rxf5 17. c4 Qf8 18. Qd3 Qf6 19. g4 Rf4 20. Bxf4 Qxf4
21. Qe4 Rf8 22. Qxf4 Rxf4 23. Rc3 Nc8 24. b3 Bf6 25. g5 Bd8 26. b4 Na7 27. Rb1 e4 28. Nd4 Bxg5 29. Ne6 Rf5 30. Nxg5 Rxg5+
31. Kf1 Nc8 32. Re1 Re5 33. Rce3 Kg8 34. Rxe4 Rf5 35. Re8+ Rf8 36. Rxf8+ Kxf8 37. b5 Na7 38. bxa6 bxa6 39. Rb1 Ke7 40. Rb7
1-0

[Event "Social CCA Championship 2024"]
[Site "SchemingMind.com"]
[Date "2023.12.16"]
[Round "-"]
[White "Geoffrey Rosser"]
[Black "cnile"]
[Result "1-0"]
[WhiteCountry "ENG"]
[BlackCountry "SCO"]
[WhiteElo "1896"]
[WhiteRD "64"]
[BlackElo "1327"]
[BlackRD "64"]
[GameID "740236"]

1. e4 e5 2. Nf3 Nc6 3. d4 exd4 4. Nxd4 Nf6 5. Nxc6 bxc6 6. Bd3 Bc5 7. O-O d6 8. Nd2 O-O 9. Nc4 Re8 10. e5 dxe5
11. Nxe5 Bd6 12. Nxc6 Qd7 13. Nd4 Kh8 14. Bb5 c6 15. Bxc6 Qc7 16. f4 Bc5 17. Bxe8 Nxe8 18. Be3 Nf6 19. c3 Bb7 20. Kh1 h5
21. Nf5 Qc6 22. Qe2 Ng4 23. Bxc5 Re8 24. Nd4
1-0

[Event "Social CCA Championship 2024"]
[Site "SchemingMind.com"]
[Date "2023.12.16"]
[Round "-"]
[White "P Pickering"]
[Black "cnile"]
[Result "1-0"]
[WhiteCountry "ENG"]
[BlackCountry "SCO"]
[WhiteElo "1870"]
[WhiteRD "106"]
[BlackElo "1327"]
[BlackRD "64"]
[GameID "740237"]

1. e4 e5 2. f4 exf4 3. Nf3 g5 4. h4 g4 5. Ne5 d6 6. Nxg4 Be7 7. d3 Bxh4+ 8. Nf2 Qf6 9. Qf3 Bg3 10. Nc3 Nh6
11. Nd5 Na6 12. Nxf6+ Kd8 13. Bxf4
1-0

[Event "Social CCA Championship 2024"]
[Site "SchemingMind.com"]
[Date "2023.12.17"]
[Round "-"]
[White "cnile"]
[Black "Russell Sherwood"]
[Result "0-1"]
[WhiteCountry "SCO"]
[BlackCountry "WLS"]
[WhiteElo "1416"]
[WhiteRD "60"]
[BlackElo "2451"]
[BlackRD "88"]
[GameID "740238"]

1. e4 d5 2. exd5 Qxd5 3. Nf3 Bg4 4. Be2 Nc6 5. c4 Qd7 6. d4 Nf6 7. Be3 Bxf3 8. Bxf3 Rd8 9. Nc3 Nxd4 10. O-O e5
11. Nd5 Nxf3+ 12. Qxf3 Nxd5 13. cxd5 Bd6 14. a3 O-O 15. Rac1 b6 16. Rfd1 f5 17. Qe2 f4 18. Bd2 f3 19. gxf3 Rf6 20. Bg5 Rg6
21. h4 h6 22. Kf1 Qh3+ 23. Ke1 hxg5 24. hxg5 Rxg5 25. Qe4 Rf8 26. Ke2 Rf4 27. Qc2 Qxf3+ 28. Kd2 Rd4+ 29. Ke1 Rg1#
0-1

[Event "Social CCA Championship 2024"]
[Site "SchemingMind.com"]
[Date "2023.12.17"]
[Round "-"]
[White "cnile"]
[Black "McCormickR"]
[Result "0-1"]
[WhiteCountry "SCO"]
[BlackCountry "ENG"]
[WhiteElo "1361"]
[WhiteRD "63"]
[BlackElo "1803"]
[BlackRD "93"]
[GameID "740239"]

1. e4 e5 2. Nf3 Nc6 3. Bb5 a6 4. Ba4 Nf6 5. d3 d6 6. c3 Bg4 7. h3 Bxf3 8. gxf3 b5 9. Bb3 Be7 10. Be3 O-O
11. Nd2 Re8 12. Qe2 b4 13. f4 bxc3 14. bxc3 Rb8 15. fxe5 Nxe5 16. d4 Ng6 17. Qxa6 Rb6 18. Qc4 Rf8 19. O-O Qd7 20. Kh2 Rbb8
21. a4 Nh4 22. Rg1 g6 23. Bh6 c5 24. Bxf8 Rxf8 25. a5 Bd8 26. a6 Bb6 27. d5 Re8 28. Qe2 Nh5 29. Qxh5 Qe7 30. Qg4 Kh8
31. Bc2 Qf6 32. f4 Qxc3 33. Qxh4 Qxc2 34. Rg2 Qd3 35. a7 Ra8 36. f5 Qd4 37. fxg6 fxg6 38. Nb3 Qe5+ 39. Kh1 c4 40. Rxg6 cxb3
41. Qf6+ Qxf6 42. Rxf6 Bd4 43. Rff1 Bxa1 44. Rxa1 Kg7 45. Kg2 Kf6 46. Rb1 Ke5 47. Rxb3 Rxa7 48. Kf3 Rf7+ 49. Ke3 Rf4 50. Rb7 Rxe4+
51. Kf3 Rh4 52. Kg3 Rh6 53. Kg4 Kxd5 54. h4 Ke5 55. Rb5+ d5 56. Kg5 Rd6 57. h5 h6+ 58. Kh4 Ke4 59. Kg4 d4 60. Rb4 Ke3
61. Rb3+ d3 62. Kf5 Ke2
0-1

[Event "Social CCA Championship 2024"]
[Site "SchemingMind.com"]
[Date "2023.12.16"]
[Round "-"]
[White "Allan Sedstrem"]
[Black "cnile"]
[Result "1-0"]
[WhiteCountry "SCO"]
[BlackCountry "SCO"]
[WhiteElo "1528"]
[WhiteRD "62"]
[BlackElo "1416"]
[BlackRD "60"]
[GameID "740240"]

1. d4 d5 2. c4 e6 3. a3 Nf6 4. Nc3 Be7 5. e3 O-O 6. Bd3 dxc4 7. Bxc4 a6 8. Nf3 b5 9. Ba2 Bb7 10. O-O Nbd7
11. b4 Rc8 12. Bb1 Nd5 13. Nxd5 Bxd5 14. Qd3 Nf6 15. Ng5 h6 16. Nh7 Be4 17. Nxf6+ Bxf6 18. Qxe4 g6 19. Qc6 Qd5 20. Qxd5 exd5
21. Ba2 c6 22. a4 h5 23. Re1 Rfe8 24. axb5 axb5 25. Bb1 Ra8 26. Rxa8 Rxa8 27. Bb2 Ra4 28. Bc3 Be7 29. Bc2 Ra2 30. Bb3 Ra3
31. Rb1 Ra8 32. Rc1 Ra3 33. Rb1 Kg7 34. Bd2 Ra7 35. f3
1-0

[Event "Social CCA Championship 2024"]
[Site "SchemingMind.com"]
[Date "2023.12.20"]
[Round "-"]
[White "mattkirk78"]
[Black "cnile"]
[Result "1-0"]
[WhiteCountry "ENG"]
[BlackCountry "SCO"]
[WhiteElo "2237"]
[WhiteRD "84"]
[BlackElo "1327"]
[BlackRD "64"]
[GameID "740241"]

1. e4 e5 2. Nf3 Nc6 3. Bb5 a6 4. Ba4 Nf6 5. O-O b5 6. Bb3 Be7 7. Re1 O-O 8. h3 d6 9. c3 Nb8 10. d4 Nbd7
11. Nbd2 Re8 12. Bxf7+ Kxf7 13. Ng5+ Kg8 14. Ne6 Nf8 15. Nxd8
1-0

[Event "Social CCA Championship 2024"]
[Site "SchemingMind.com"]
[Date "2023.12.15"]
[Round "-"]
[White "cnile"]
[Black "TigerFeet"]
[Result "0-1"]
[WhiteCountry "SCO"]
[BlackCountry "ENG"]
[WhiteElo "1327"]
[WhiteRD "64"]
[BlackElo "2114"]
[BlackRD "82"]
[GameID "740242"]

1. e4 c5 2. Nf3 Nc6 3. d4 cxd4 4. Nxd4 e5 5. Nb5 d6 6. N1c3 a6 7. Na3 Be7 8. Nc4 b5 9. Ne3 Nf6 10. Ned5 O-O
11. Nxf6+ Bxf6 12. Bd3 Bg5 13. Nd5 Bxc1 14. Rxc1 Be6 15. c4 Nd4 16. cxb5 Bxd5 17. exd5 Qa5+ 18. Rc3 Nxb5 19. O-O Nxc3 20. bxc3 Qxa2
21. Qh5 g6 22. Qf3 f5 23. Qg3 Qxd5 24. h4 f4 25. Qh3 f3 26. Qxf3 Rxf3
0-1

[Event "Social CCA Championship 2024"]
[Site "SchemingMind.com"]
[Date "2023.12.15"]
[Round "-"]
[White "TigerFeet"]
[Black "P Pickering"]
[Result "1-0"]
[WhiteCountry "ENG"]
[BlackCountry "ENG"]
[WhiteElo "2103"]
[WhiteRD "77"]
[BlackElo "1918"]
[BlackRD "116"]
[GameID "740243"]

1. e4 e5 2. Bc4 Nf6 3. d3 Nc6 4. Nf3 Bc5 5. c3 d6 6. O-O Bg4 7. h3 Bh5 8. Nbd2 O-O 9. Re1 Re8 10. Nf1 d5
11. exd5 Nxd5 12. d4 Bf8 13. Ng3 Bxf3 14. Qxf3 Nf6 15. Bg5 exd4 16. Nh5 Be7 17. Rxe7 Nxe7 18. Nxf6+ gxf6 19. Bxf7+ Kxf7 20. Qxf6+ Kg8
21. Qe6+ Kf8 22. Bh6#
1-0

[Event "Social CCA Championship 2024"]
[Site "SchemingMind.com"]
[Date "2023.12.15"]
[Round "-"]
[White "P Pickering"]
[Black "Russell Sherwood"]
[Result "1/2-1/2"]
[WhiteCountry "ENG"]
[BlackCountry "WLS"]
[WhiteElo "1918"]
[WhiteRD "116"]
[BlackElo "2428"]
[BlackRD "85"]
[GameID "740244"]

1. e4 d6 2. d4 Nf6 3. Nc3 g6 4. f4 Bg7 5. Nf3 c5 6. Bb5+ Bd7 7. e5 Ng4 8. e6 fxe6 9. Ng5 Bxb5 10. Nxe6 Bxd4
11. Nxd8 Bf2+ 12. Kd2 Be3+ 13. Ke1 Bf2+ 14. Kd2 Be3+=
1/2-1/2

[Event "Social CCA Championship 2024"]
[Site "SchemingMind.com"]
[Date "2023.12.15"]
[Round "-"]
[White "Russell Sherwood"]
[Black "McCormickR"]
[Result "1-0"]
[WhiteCountry "WLS"]
[BlackCountry "ENG"]
[WhiteElo "2435"]
[WhiteRD "89"]
[BlackElo "1701"]
[BlackRD "94"]
[GameID "740245"]

1. e4 e5 2. Nf3 Nc6 3. Bc4 Nf6 4. d3 h6 5. O-O d5 6. exd5 Nxd5 7. Be3 Be7 8. Nc3 Nxc3 9. bxc3 Bg4 10. Rb1 Rb8
11. h3 Bh5 12. g4 Bg6 13. Bb5 O-O 14. Bxc6 bxc6 15. Rxb8 Qxb8 16. Nxe5 Qb2 17. Nxc6 Bf6 18. Bd4 Bxd4 19. cxd4 Qxa2 20. Re1 Qa4
21. Qf3 Qxc2 22. Ne7+ Kh7 23. Nxg6
1-0

[Event "Social CCA Championship 2024"]
[Site "SchemingMind.com"]
[Date "2023.12.15"]
[Round "-"]
[White "Allan Sedstrem"]
[Black "Russell Sherwood"]
[Result "0-1"]
[WhiteCountry "SCO"]
[BlackCountry "WLS"]
[WhiteElo "1551"]
[WhiteRD "65"]
[BlackElo "2435"]
[BlackRD "89"]
[GameID "740246"]

1. d4 Nf6 2. Nc3 d5 3. Bg5 c5 4. e3 Nc6 5. Nf3 cxd4 6. exd4 Bg4 7. h3 Bxf3 8. Qxf3 e6 9. O-O-O h6 10. Bxf6 Qxf6
11. Qxf6 gxf6 12. Bb5 h5 13. Bxc6+ bxc6 14. Rhe1 h4 15. a3 Rg8 16. Rg1 Bd6 17. Ne2 Bh2 18. Rh1 Rxg2 19. Rdf1 Ke7 20. Kd1 e5
21. f3 Rag8 22. f4 e4 23. f5 Kd7 24. Ke1 a5 25. Rf2 Bg3 26. Nxg3 R8xg3 27. Rxg2 Rxg2 28. Kd1 a4 29. b3 axb3 30. cxb3 Rb2
31. b4 Rb1+
0-1

[Event "Social CCA Championship 2024"]
[Site "SchemingMind.com"]
[Date "2023.12.20"]
[Round "-"]
[White "mattkirk78"]
[Black "Russell Sherwood"]
[Result "0-1"]
[WhiteCountry "ENG"]
[BlackCountry "WLS"]
[WhiteElo "2192"]
[WhiteRD "95"]
[BlackElo "2481"]
[BlackRD "90"]
[GameID "740247"]

1. e4 c5 2. Ne2 d6 3. g3 d5 4. Bg2 dxe4 5. Nbc3 e5 6. Nxe4 f5 7. N4c3 Nf6 8. O-O Nc6 9. d3 Bd6 10. f4 O-O
11. fxe5 Bxe5 12. Bf4 Bxf4 13. Nxf4 Ng4 14. Nfd5 Be6 15. h3 Nf6 16. Nxf6+ Rxf6 17. Qd2 Qd7 18. b3 Rd8 19. Rae1 h6 20. Re3 Bf7
21. Kh2 a6 22. Bxc6 Qxc6 23. Re5 c4 24. bxc4 Bxc4 25. Rexf5 Rxf5 26. Rxf5 Be6 27. Rf2 b5 28. Ne4 Re8 29. a4 bxa4 30. Qb4 Kh7
31. c4 Qd7 32. Nd6 Rd8 33. Ne4 Bxh3 34. Qb6 Rg8 35. Nc5 Qc8 36. Nxa4 Bf5 37. Qe3 Re8 38. Qf3 Bg4 39. Qd5 Rf8 40. Rxf8 Qxf8
41. Qe4+ Bf5 42. Qf3= Qf6 43. d4 Qg5 44. Qe2 Qf6 45. Qe3 Qf7 46. d5 Qh5+ 47. Kg2 Bh3+ 48. Kg1 Qd1+ 49. Kh2 Qf1 50. Qg1 Qf5
51. Qd4 Bf1 52. Kg1 Qf3 53. Qf2 Qxf2+ 54. Kxf2 Bxc4 55. Nc3 Kg6 56. Ke3 Kf7 57. Kd4 Bf1 58. Kc5 Ke7 59. d6+ Kd8 60. Nd5 a5
61. Ne3 Bh3
0-1

[Event "Social CCA Championship 2024"]
[Site "SchemingMind.com"]
[Date "2023.12.15"]
[Round "-"]
[White "Russell Sherwood"]
[Black "TigerFeet"]
[Result "1-0"]
[WhiteCountry "WLS"]
[BlackCountry "ENG"]
[WhiteElo "2415"]
[WhiteRD "89"]
[BlackElo "2083"]
[BlackRD "75"]
[GameID "740248"]

1. e4 c5 2. Nc3 Nc6 3. f4 g6 4. Nf3 Bg7 5. Bb5 Nd4 6. a4 Nh6 7. Be2 O-O 8. d3 d6 9. Nb5 Nxe2 10. Qxe2 a6
11. Nc3 Bd7 12. O-O b5 13. axb5 Bxb5 14. f5 Bd7 15. Qe1 e6 16. f6 Qxf6 17. Bg5
1-0

[Event "Social CCA Championship 2024"]
[Site "SchemingMind.com"]
[Date "2023.12.17"]
[Round "-"]
[White "P Pickering"]
[Black "McCormickR"]
[Result "1-0"]
[WhiteCountry "ENG"]
[BlackCountry "ENG"]
[WhiteElo "1892"]
[WhiteRD "111"]
[BlackElo "1788"]
[BlackRD "90"]
[GameID "740249"]

1. e4 e5 2. f4 d5 3. exd5 Qxd5 4. Nc3 Qa5 5. fxe5 Qxe5+ 6. Qe2 Qxe2+ 7. Bxe2 c6 8. Nf3 Be7 9. d4 Nf6 10. O-O O-O
11. Bf4 Nbd7 12. Rfe1 Nb6 13. Bd3 Bb4 14. Re2 Bg4 15. Ne4 Nxe4 16. Bxe4 Rad8 17. c3 Bd6 18. Bxd6 Rxd6 19. h3 Bh5 20. g4 Bg6
21. Bxg6 fxg6 22. Rf1 Nd5 23. Ne5 Rxf1+ 24. Kxf1 Nf4 25. Re3 Re6 26. Kf2 g5 27. Rf3 h6 28. h4 Re7 29. hxg5 hxg5 30. Re3 c5
31. Kf3 cxd4 32. cxd4 Nd5 33. Re4 Nf6 34. Re2 Nd5 35. Ke4 Nf4 36. Rd2 Kf8 37. Kf5 Ke8 38. Kxg5 Ne6+ 39. Kf5 Kd8 40. d5 Nc5
41. d6 Rxe5+ 42. Kxe5 Kd7 43. b4 Ne6 44. Rf2
1-0

[Event "Social CCA Championship 2024"]
[Site "SchemingMind.com"]
[Date "2023.12.20"]
[Round "-"]
[White "mattkirk78"]
[Black "McCormickR"]
[Result "1-0"]
[WhiteCountry "ENG"]
[BlackCountry "ENG"]
[WhiteElo "2190"]
[WhiteRD "88"]
[BlackElo "1762"]
[BlackRD "92"]
[GameID "740250"]

1. e4 e5 2. f4 d5 3. exd5 Qxd5 4. Nc3 Qa5 5. Nf3 exf4 6. Bc4 Be7 7. d4 Nf6 8. Qe2 Nc6 9. Bd2 Qf5 10. O-O-O O-O
11. d5 Nb4 12. Nd4 Qd7 13. Bxf4 Bd6 14. Bg5 c5 15. Ne6 Re8 16. Bxf6 fxe6 17. dxe6 Qc7 18. Nb5
1-0

[Event "Social CCA Championship 2024"]
[Site "SchemingMind.com"]
[Date "2023.12.17"]
[Round "-"]
[White "McCormickR"]
[Black "TigerFeet"]
[Result "0-1"]
[WhiteCountry "ENG"]
[BlackCountry "ENG"]
[WhiteElo "1701"]
[WhiteRD "94"]
[BlackElo "2114"]
[BlackRD "82"]
[GameID "740251"]

1. e4 c5 2. Nf3 Nc6 3. d4 cxd4 4. Nxd4 e5 5. Nxc6 bxc6 6. Nc3 Nf6 7. a3 Bc5 8. Bc4 O-O 9. Bg5 h6 10. Bh4 Be7
11. O-O Nxe4 12. Bxe7 Nxc3 13. Qd6 Ne4 14. Qxe5 Re8 15. Qxe4 Rxe7 16. Qf3 d5 17. Bb3 Qe8 18. Qc3 Bb7 19. Rae1 Kf8 20. Rxe7 Qxe7
21. Re1 Qd7 22. Qb4+ c5 23. Qxc5+ Kg8 24. Re7 Qc6 25. Qxc6 Bxc6 26. h3 a5 27. Ba2 Rb8 28. b3 d4 29. Rc7 Be4 30. Rc4 Rd8
31. a4 d3 32. cxd3 Bxd3 33. Rc7 Bg6 34. Ra7 Rd1+ 35. Kh2 Ra1 36. Ra8+ Kh7 37. f3 Rxa2 38. Rxa5 Bc2 39. Rb5 Bd3 40. Rb7 Bf1
41. Rxf7 Rxg2+ 42. Kh1 Ra2 43. Rf4 Bxh3 44. Kg1 Be6 45. Rb4 Ra3
0-1

[Event "Social CCA Championship 2024"]
[Site "SchemingMind.com"]
[Date "2023.12.15"]
[Round "-"]
[White "Allan Sedstrem"]
[Black "P Pickering"]
[Result "0-1"]
[WhiteCountry "SCO"]
[BlackCountry "ENG"]
[WhiteElo "1551"]
[WhiteRD "65"]
[BlackElo "1870"]
[BlackRD "106"]
[GameID "740252"]

1. d4 Nf6 2. Nc3 g6 3. e4 d6 4. Bc4 Bg7 5. a3 O-O 6. h3 Nxe4 7. Bxf7+ Rxf7 8. Nxe4 Nc6 9. c3 Kh8 10. Qb3 Rf8
11. Nf3 Bf5 12. Neg5 d5 13. Qxb7 Qd7 14. Nh4 Bd3 15. Qb3 Bf6 16. Qd1 Ba6 17. b4 Bc4 18. Qg4 e6 19. g3 Bxg5 20. Bxg5 Qf7
21. Rf1 Bxf1 22. f4 Bd3 23. Kd2 Bf5 24. Nxf5 exf5 25. Qf3 Rae8 26. Bh6 Rg8 27. a4 Re4 28. a5 Rge8 29. Rg1 Qe6 30. Rg2 Nxd4
31. cxd4 Rxd4+ 32. Kc3 Qc6+ 33. Kb3 Qc4+ 34. Kb2 Rd3 35. Qf2 Qxb4+ 36. Kc1 Re1+ 37. Qxe1 Qxe1+ 38. Kc2 Qc3+ 39. Kb1 Qb3+ 40. Kc1 Rd1#
0-1

[Event "Social CCA Championship 2024"]
[Site "SchemingMind.com"]
[Date "2023.12.17"]
[Round "-"]
[White "McCormickR"]
[Black "Allan Sedstrem"]
[Result "1-0"]
[WhiteCountry "ENG"]
[BlackCountry "SCO"]
[WhiteElo "1701"]
[WhiteRD "94"]
[BlackElo "1551"]
[BlackRD "65"]
[GameID "740253"]

1. e4 e5 2. Nf3 Nc6 3. Bb5 Nf6 4. d3 a6 5. Ba4 b5 6. Bb3 Na5 7. Nxe5 Nxb3 8. axb3 Bb7 9. Nc3 d6 10. Nf3 h6
11. O-O Be7 12. h3 O-O 13. Nd4 Nd7 14. Qg4 Ne5 15. Qe2 Bf6 16. Nf5 Bc8 17. Ng3 Bb7 18. Nd1 c5 19. Ne3 Re8 20. Nef5 Nc6
21. Bf4 Nd4 22. Nxd4 Bxd4 23. c3 Be5 24. Bxe5 Rxe5 25. f4 Re6 26. Nf5 f6 27. Qg4 Kh7 28. Qxg7#
1-0

[Event "Social CCA Championship 2024"]
[Site "SchemingMind.com"]
[Date "2023.12.20"]
[Round "-"]
[White "Allan Sedstrem"]
[Black "mattkirk78"]
[Result "0-1"]
[WhiteCountry "SCO"]
[BlackCountry "ENG"]
[WhiteElo "1551"]
[WhiteRD "65"]
[BlackElo "2237"]
[BlackRD "84"]
[GameID "740254"]

1. d4 g6 2. e4 Bg7 3. e5 d6 4. h3 dxe5 5. c3 exd4 6. Bd2 c5 7. Bd3 Qd5 8. Nf3 c4 9. Bc2 d3 10. Ba4+ b5
11. Bb3 Nc6 12. a4 cxb3 13. O-O Ne5 14. Nxe5 Bxe5 15. axb5 Bb7 16. f3 Qc5+ 17. Kh1 Nf6 18. Qxb3 Nh5 19. f4 Ng3+ 20. Kh2 Nxf1+
21. Kh1 Qf2
0-1

[Event "Social CCA Championship 2024"]
[Site "SchemingMind.com"]
[Date "2023.12.15"]
[Round "-"]
[White "TigerFeet"]
[Black "Allan Sedstrem"]
[Result "1-0"]
[WhiteCountry "ENG"]
[BlackCountry "SCO"]
[WhiteElo "2103"]
[WhiteRD "77"]
[BlackElo "1545"]
[BlackRD "65"]
[GameID "740255"]

1. d4 d5 2. e3 c5 3. c3 a6 4. Bd3 e6 5. f4 Nf6 6. Nd2 Bd6 7. Ngf3 O-O 8. Ne5 Nbd7 9. O-O cxd4 10. exd4 Qb6
11. Kh1 Qd8 12. Rf3 Ne4 13. Nxe4 dxe4 14. Bxe4 Nf6 15. Rh3 Nxe4 16. Be3 Bxe5 17. fxe5 b5 18. Qh5 h6 19. Rh4 Ng5 20. Rg4 f6
21. h4 fxe5 22. hxg5 Rf5 23. Qg6 exd4 24. gxh6 Qe7 25. Bxd4 Rf7 26. Bxg7 Qd7 27. h7#
1-0

[Event "Social CCA Championship 2024"]
[Site "SchemingMind.com"]
[Date "2023.12.20"]
[Round "-"]
[White "mattkirk78"]
[Black "P Pickering"]
[Result "1/2-1/2"]
[WhiteCountry "ENG"]
[BlackCountry "ENG"]
[WhiteElo "2234"]
[WhiteRD "89"]
[BlackElo "1918"]
[BlackRD "116"]
[GameID "740256"]

1. e4 e5 2. f4 exf4 3. d4 Qh4+ 4. Ke2 d5 5. exd5 Bg4+ 6. Nf3 Nf6 7. Qe1 Qxe1+ 8. Kxe1 Nxd5 9. Bc4 Bxf3 10. gxf3 Nb6
11. Bb3=
1/2-1/2

[Event "Social CCA Championship 2024"]
[Site "SchemingMind.com"]
[Date "2023.12.17"]
[Round "-"]
[White "TigerFeet"]
[Black "mattkirk78"]
[Result "1/2-1/2"]
[WhiteCountry "ENG"]
[BlackCountry "ENG"]
[WhiteElo "2103"]
[WhiteRD "77"]
[BlackElo "2234"]
[BlackRD "89"]
[GameID "740257"]

1. e4 g6 2. d4 Bg7 3. Nc3 d6 4. Be3 Nd7 5. Qd2 Ngf6 6. O-O-O O-O 7. f3 a6 8. Bh6 Nb6 9. Bxg7 Kxg7 10. g4 c6
11. h4 h5 12. gxh5 Nxh5 13. Nge2 Nc4 14. Qg5 Qa5 15. Qxa5 Nxa5 16. b3 b5 17. a3 Nb7 18. Bh3 Bxh3 19. Rxh3 Nd8 20. d5 Rh8
21. Rg1 cxd5 22. exd5 Rc8 23. Kb2 Kf8=
1/2-1/2